| 000 | 01165nam a2200265Ia 4500 | ||
|---|---|---|---|
| 003 | OSt | ||
| 005 | 20220930095044.0 | ||
| 006 | a|||||r|||| 00| 0 | ||
| 007 | ta | ||
| 008 | 220926b |||||||| |||| 00| 0 san d | ||
| 024 | _a68512 | ||
| 037 | _cTheses | ||
| 040 |
_aCRL _cCRL _bsan |
||
| 041 |
_2san _asan |
||
| 100 | _aकुलदीप सिंह, ले. | ||
| 110 | _aदिल्ली विश्वविद्यालय. कला संकाय. संस्कृत विभाग | ||
| 245 | 0 | _aपूर्णप्रज्ञभाष्य एवं श्रीकरभाष्य का तुलनात्मक अध्ययन, कुलदीप सिंह | |
| 246 | _aPūrṇapragnabhāṣhya evan shrīkarabhāṣhya kā tulanātmak adhyayana, kuladīp sianha | ||
| 260 | _c2018 | ||
| 300 |
_a247पृ0 _ap. _ccm. |
||
| 650 | _aसंस्कृत साहित्य | ||
| 700 | _aदिल्ली विश्वविद्यालय. कला संकाय. संस्कृत विभाग | ||
| 942 |
_cDIS _2CC |
||
| 999 |
_c888240 _d888240 |
||